Sports Quiz

Random Sports Quiz

Teams relegated from the championship (2000-2014) Quiz Stats

 Plays Quiz not verified by Sporcle

Challenge
Share
Tweet
Embed
Score 0/42 Timer 20:00
0 Plays Today
Hint Answer % Correct
2002-2003sheffield wednesday
83.1%
2009-2010sheffield wednesday
83.1%
2006-2007leeds united
80.3%
2010-2011sheffield united
80.3%
2001-2002barnsley
77.5%
2011-2012portsmouth
77.5%
2013-2014barnsley
77.5%
2007-2008leicester city
76.1%
2005-2006millwall
74.6%
2008-2009southampton
74.6%
2004-2005nottingham forest
71.8%
2006-2007luton town
71.8%
2011-2012coventry city
71.8%
2012-2013bristol city
71.8%
2010-2011preston north end
69%
2011-2012doncaster rovers
69%
2013-2014doncaster rovers
69%
2004-2005gillingham
67.6%
2009-2010plymouth argyle
67.6%
2000-2001huddersfield town
66.2%
2003-2004bradford city
66.2%
Hint Answer % Correct
2008-2009norwich city
66.2%
2008-2009charlton athletic
66.2%
2009-2010peterborough
66.2%
2012-2013wolverhampton wanderers
66.2%
2003-2004walsall
64.8%
2004-2005rotherham united
63.4%
2000-2001tranmere rovers
62%
2002-2003grimsby town
60.6%
2007-2008scunthorpe united
60.6%
2010-2011scunthorpe united
60.6%
2013-2014yeovil town
59.2%
2001-2002crewe alexandra
56.3%
2001-2002stockport county
56.3%
2005-2006crewe alexandra
56.3%
2006-2007southend united
53.5%
2007-2008colchester united
53.5%
2000-2001queens park rangers
52.1%
2003-2004mk dons
52.1%
2005-2006brighton & hove albion
33.8%
2002-2003brighton &hove albion
15.5%
2012-2013peterbrough united
7%

You're not logged in!

Compare scores with friends on all Sporcle quizzes.
Join for Free
OR
Log In

You Might Also Like...

Show Comments

Extras

Created Aug 10, 2014ReportFavoriteNominate
Tags:relegated, team

Top Quizzes Today


Score Distribution

Your Account Isn't Verified!

In order to create a playlist on Sporcle, you need to verify the email address you used during registration. Go to your Sporcle Settings to finish the process.

Report this User

Report this user for behavior that violates our Community Guidelines.

Details: